Major Cities of Australia - Statistics

General Stats
  • This quiz has been taken 25 times
  • The average score is 8 of 11
Answer Stats
Answer % Correct
Sydney
100%
Melbourne
96%
Canberra
92%
Perth
92%
Adelaide
88%
Brisbane
80%
Darwin
72%
Hobart
60%
Gold Coast
52%
NewCastle
48%
Cairns
44%
No matching quizzes found
Score Distribution
Percent of People with Each Score
Percentile by Number Answered
Your Score History
You have not taken this quiz